Informes sobre los estados Sudamericanos en los años de 1837 y 1838 / (Registro nro. 12742)
[ vista simple ]
| 000 -LEADER | |
|---|---|
| fixed length control field | 01051nam a2200253Ia 4500 |
| 003 - CONTROL NUMBER IDENTIFIER | |
| control field | OSt |
| 005 - DATE AND TIME OF LATEST TRANSACTION | |
| control field | 20211118125057.0 |
| 008 - FIXED-LENGTH DATA ELEMENTS--GENERAL INFORMATION | |
| fixed length control field | 210310s1962 sudac gr 000 0 spa d |
| 040 ## - CATALOGING SOURCE | |
| Original cataloging agency | CO-JMCR |
| Transcribing agency | CO-JMCR |
| 041 0# - LANGUAGE CODE | |
| Language code of text/sound track or separate title | spa |
| 082 04 - DEWEY DECIMAL CLASSIFICATION NUMBER | |
| Classification number | 918 / |
| Item number | G679i |
| Edition number | 23 |
| 100 1# - MAIN ENTRY--PERSONAL NAME | |
| Personal name | Gosselman, Carl August |
| Relator term | autor |
| 9 (RLIN) | 29092 |
| 245 #0 - TITLE STATEMENT | |
| Title | Informes sobre los estados Sudamericanos en los años de 1837 y 1838 / |
| Statement of responsibility, etc. | Carl August Gosselman ; traducción del Sueco por Ernesto Dethorey |
| 260 ## - PUBLICATION, DISTRIBUTION, ETC. | |
| Place of publication, distribution, etc. | Estocolmo : |
| Name of publisher, distributor, etc. | Hijos de F. Armengton, |
| Date of publication, distribution, etc. | 1962. |
| 300 ## - PHYSICAL DESCRIPTION | |
| Extent | 172 páginas : |
| Other physical details | ilustraciones, laminas y mapas en blanco y negro ; |
| Dimensions | 23 cm. |
| 490 0# - SERIES STATEMENT | |
| Series statement | Biblioteca e Instituto de Estudios Ibero-Americanos de la Escuela de Ciencias Económicas, Estocolmo, Suecia |
| 500 ## - GENERAL NOTE | |
| General note | Incluye índices de laminas, notas a pie de página. |
| 505 0# - FORMATTED CONTENTS NOTE | |
| Formatted contents note | Informes sobre los estados sudamericanos. |
| 650 14 - SUBJECT ADDED ENTRY--TOPICAL TERM | |
| Topical term or geographic name entry element | Estados sudamericanos |
| 9 (RLIN) | 41596 |
| 650 24 - SUBJECT ADDED ENTRY--TOPICAL TERM | |
| Topical term or geographic name entry element | Historia económica |
| 9 (RLIN) | 41597 |
| 650 24 - SUBJECT ADDED ENTRY--TOPICAL TERM | |
| Topical term or geographic name entry element | Comercio |
| 9 (RLIN) | 5339 |
| 700 1# - ADDED ENTRY--PERSONAL NAME | |
| Personal name | Dethorey, Ernesto |
| Relator term | traductor |
| 9 (RLIN) | 41598 |
| 942 ## - ADDED ENTRY ELEMENTS (KOHA) | |
| Source of classification or shelving scheme | Dewey Decimal Classification |
| Koha item type | Books |
| Withdrawn status | Lost status | Source of classification or shelving scheme | Damaged status | Not for loan | Home library | Current library | Shelving location | Date acquired | Source of acquisition | Full call number | Barcode | Date last seen | Copy number | Price effective from | Koha item type |
|---|---|---|---|---|---|---|---|---|---|---|---|---|---|---|---|
| Dewey Decimal Classification | Biblioteca Pública José María del Castillo y Rada | Biblioteca Pública José María del Castillo y Rada | General Stacks | 04/15/2018 | Donación | 918 / G679i | 201811672 | 05/16/2024 | Ej.1 | 03/10/2021 | Books |